Normal view
MARC view
- Wood, Walter Birkbeck
Entry Personal Name
001 - CONTROL NUMBER
- control field: 50665
003 - CONTROL NUMBER IDENTIFIER
- control field: NUST
005 - DATE AND TIME OF LATEST TRANSACTION
- control field: 20210314134720.0
008 - FIXED-LENGTH DATA ELEMENTS
- fixed length control field: 210314|| aca||aabn | a|a d
040 ## - CATALOGING SOURCE
- Original cataloging agency: NUST
- Transcribing agency: NUST
100 ## - HEADING--PERSONAL NAME
- Personal name: Wood, Walter Birkbeck
670 ## - SOURCE DATA FOUND
- Source citation: Work cat.: (NUST): Wood, Walter Birkbeck,, The civil war in the United States., [1937]
